| 000 | 00666nam a2200205 i 4500 | ||
|---|---|---|---|
| 001 | 96920 | ||
| 003 | ES-MaACL | ||
| 005 | 20250316204110.0 | ||
| 007 | t| | ||
| 008 | 050704s1971 sp ||||1| spa d | ||
| 100 | 0 |
_aMann, Thomas, _d1875-1955 _976055 |
|
| 245 | 1 | 3 |
_aLa muerte en Venecia; Las Tablas de la Ley _b: novela / _cThomas Mann; [traducciones de Martín Rivas, Raul Schiaffino]. |
| 260 |
_aBarcelona : _bPlaneta, _c1971. |
||
| 300 |
_a157 p. ; _c19 cm. |
||
| 700 | 1 |
_aRivas, Martín. _997564 |
|
| 700 | 1 |
_aSchiaffino, Raul. _9104328 |
|
| 740 | 4 | _aLas Tablas de la Ley. | |
| 852 |
_aES-MaACL _jC-40252 _bR.78683 |
||
| 999 |
_c96920 _d96920 |
||